000 00300nam a22001337a 4500
008 170623b xxu||||| |||| 00| 0 eng d
020 _a9789280810707
041 _aeng
080 _a32
100 _a21
101 _aSHP
245 _aFROM CIVIL STRIFE TO CIVIL SOCIETY
_cMALEY,W
942 _2udc
_cBK
999 _c18876
_d18876